| 000 | 00690nam a2200217 a 4500 | ||
|---|---|---|---|
| 008 | |||
| 020 | _a0582020999 (hbk.) | ||
| 090 | _aTP884.A3 | ||
| 245 | 0 | 0 |
_aCement admixtures : _buses and applications / _cedited by P.C. Hewlett on behalf of the Cement Admixtures Association. |
| 250 | _a2nd ed. | ||
| 260 |
_aHarlow : _bLongman Scientific & Technical, _c1988. |
||
| 300 |
_ax, 166 p. : _bill. ; _c31 cm. |
||
| 504 | _aIncludes bibliographical references. | ||
| 700 | 1 | _aHewlett, P. C. | |
| 907 |
_a.b10180357 _b26-01-07 _c31-10-05 |
||
| 003 | |||
| 005 | 20230123134127.0 | ||
| 040 | _cNUST | ||
| 049 | _aMAIN | ||
| 942 |
_cBOOKS _kTP884.A3 |
||
| 999 |
_c160505 _d160505 |
||